000 01424nam a2200349 a 4500
001 ebr10335360
003 CaPaEBR
006 m u
007 cr cn|||||||||
008 061212s2007 miua sb s001 0 eng
010 _z 2006050009
020 _z9780472099696 (alk. paper)
020 _z0472099698 (alk. paper)
020 _z9780472069699 (pbk. : alk. paper)
020 _z0472069691 (pbk. : alk. paper)
040 _aCaPaEBR
_cCaPaEBR
035 _a(OCoLC)593239814
050 1 4 _aQA278.2
_b.K344 2007eb
082 0 4 _a519.5/36
_222
100 1 _aKam, Cindy D.,
_d1975-
245 1 0 _aModeling and interpreting interactive hypotheses in regression analysis
_h[electronic resource] /
_cCindy D. Kam & Robert J. Franzese, Jr.
260 _aAnn Arbor :
_bUniversity of Michigan Press,
_cc2007.
300 _a153 p. :
_bill.
504 _aIncludes bibliographical references (p. 147-150) and index.
533 _aElectronic reproduction.
_bPalo Alto, Calif. :
_cebrary,
_d2013.
_nAvailable via World Wide Web.
_nAccess may be limited to ebrary affiliated libraries.
650 0 _aRegression analysis.
650 0 _aSocial sciences
_xStatistical methods.
655 7 _aElectronic books.
_2local
700 1 _aFranzese, Robert J.,
_d1969-
710 2 _aebrary, Inc.
856 4 0 _uhttp://site.ebrary.com/lib/rucke/Doc?id=10335360
_zAn electronic book accessible through the World Wide Web; click to view
999 _c53319
_d53319